Poribesh Arthabigyan. (Record no. 1177)
[ view plain ]
| 000 -LEADER | |
|---|---|
| fixed length control field | 00418cam a2200169ua 4500 |
| 008 - FIXED-LENGTH DATA ELEMENTS--GENERAL INFORMATION | |
| fixed length control field | 110627n ii |||gr||||Z||||||eng |
| 040 ## - CATALOGING SOURCE | |
| Transcribing agency | MAIN |
| 082 ## - DEWEY DECIMAL CLASSIFICATION NUMBER | |
| Classification number | 333.7 |
| 100 1# - MAIN ENTRY--PERSONAL NAME | |
| Personal name | Ahmed, Rafique., |
| 245 1# - TITLE STATEMENT | |
| Title | Poribesh Arthabigyan. |
| Statement of responsibility, etc. | By Rafique Ahmed. |
| 250 ## - EDITION STATEMENT | |
| Edition statement | 4th. |
| 260 ## - PUBLICATION, DISTRIBUTION, ETC. | |
| Place of publication, distribution, etc. | Jorhat.: |
| Name of publisher, distributor, etc. | Unika prakashan., |
| Date of publication, distribution, etc. | 2008. |
| 300 ## - PHYSICAL DESCRIPTION | |
| Extent | 340 p.: |
| Dimensions | 20 cm. |
| 942 ## - ADDED ENTRY ELEMENTS (KOHA) | |
| Koha item type | Books |
| 653 ## - INDEX TERM--UNCONTROLLED | |
| Uncontrolled term | Environmental economics. |
| Withdrawn status | Lost status | Damaged status | Not for loan | Home library | Current library | Shelving location | Date acquired | Total Checkouts | Full call number | Barcode | Date last seen | Date last checked out | Copy number | Price effective from | Koha item type |
|---|---|---|---|---|---|---|---|---|---|---|---|---|---|---|---|
| Naharkatiya College Library | Naharkatiya College Library | General Stacks | 19/09/2020 | 9 | 333.7 | AHM | 17680 | 08/04/2025 | 29/03/2025 | 1 | 19/09/2020 | Books |
